| 000 | 01427nam a22003371i 4500 | ||
|---|---|---|---|
| 001 | ebr10817745 | ||
| 003 | CaPaEBR | ||
| 006 | m o d | ||
| 007 | cr cn||||||||| | ||
| 008 | 121011s2013 ts a ob 001 1 eng d | ||
| 020 | _a9781608057870 (e-book) | ||
| 020 | _z9781608057115 | ||
| 040 |
_aCaPaEBR _beng _erda _epn _cCaPaEBR |
||
| 035 | _a(OCoLC)865331819 | ||
| 050 | 1 | 4 |
_aQH545.H42 _bR43 2013eb |
| 245 | 0 | 0 |
_aRecent advances towards improved phytoremediation of heavy metal pollution / _cedited by David W.M. Leung. |
| 264 | 1 |
_aSharjah : _bBentham Science Publishers, _c2013. |
|
| 300 |
_a1 online resource (150 pages) : _billustrations |
||
| 336 |
_atext _2rdacontent |
||
| 337 |
_acomputer _2rdamedia |
||
| 338 |
_aonline resource _2rdacarrier |
||
| 504 | _aIncludes bibliographical references and index. | ||
| 588 | _aDescription based on online resource; title from PDF title page (ebrary, viewed January 12, 2014). | ||
| 590 | _aElectronic reproduction. Palo Alto, Calif. : ebrary, 2014. Available via World Wide Web. Access may be limited to ebrary affiliated libraries. | ||
| 650 | 0 |
_aHeavy metals _xEnvironmental aspects. |
|
| 650 | 0 |
_aPollution _xEnvironmental aspects. |
|
| 655 | 0 | _aElectronic books. | |
| 700 | 1 | _aLeung, David W. M. | |
| 797 | 2 | _aebrary. | |
| 856 | 4 | 0 |
_uhttp://site.ebrary.com/lib/rucke/Doc?id=10817745 _zAn electronic book accessible through the World Wide Web; click to view |
| 999 |
_c77912 _d77912 |
||